Catálogo

AMERICAN FOREIGN ENVIRONMENTAL POLICY AND THE POWER STATE (Registro nro. 23952)

Detalles MARC
000 -LEADER
fixed length control field 00582nam a2200181 a 4500
001 - CONTROL NUMBER
control field 23952
005 - DATE AND TIME OF LATEST TRANSACTION
control field 20180713222107.0
008 - FIXED-LENGTH DATA ELEMENTS--GENERAL INFORMATION
fixed length control field 140415s1998 xxk 000 0 eng d
020 ## - INTERNATIONAL STANDARD BOOK NUMBER
International Standard Book Number 0198292597
041 ## - LANGUAGE CODE
Language code of text/sound track or separate title eng
082 ## - DEWEY DECIMAL CLASSIFICATION NUMBER
Classification number 363.700973
Item number HOP
100 1# - MAIN ENTRY--PERSONAL NAME
Personal name HOPGOOD, STEPHEN
245 10 - TITLE STATEMENT
Title AMERICAN FOREIGN ENVIRONMENTAL POLICY AND THE POWER STATE
250 ## - EDITION STATEMENT
Edition statement 1a ed.
260 ## - PUBLICATION, DISTRIBUTION, ETC.
Place of publication, distribution, etc. GRAN BRETAÑA :
Name of publisher, distributor, etc. OXFORD UNIVERSITY PRESS,
Date of publication, distribution, etc. 1998
300 ## - PHYSICAL DESCRIPTION
Extent 262
650 14 - SUBJECT ADDED ENTRY--TOPICAL TERM
Topical term or geographic name entry element POLITICA AMBIENTAL
General subdivision ESTADOS UNIDOS
-- POLITICA AMBIENTAL
-- ESTADOS UNIDOS
-- COOPERACION INTERNACIONA
Existencias
Withdrawn status Lost status Source of classification or shelving scheme Damaged status Not for loan Collection code Home library Current library Shelving location Date acquired Source of acquisition Inventory number Total Checkouts Full call number Barcode Date last seen Price effective from Koha item type
    Dewey Decimal Classification     General Biblioteca Karol Wojtyla Biblioteca Karol Wojtyla Sala general 03/12/2013 Compra 151000000000000000048066   363.700973 HOP 44820 05/01/2026 03/12/2013 Libro